| 000 | 00419nam a22001457a 4500 | ||
|---|---|---|---|
| 008 | 161103b xxu||||| |||| 00| 0 eng d | ||
| 050 | _aB3279.H94B433 1990 | ||
| 100 |
_aBell, David _927290 |
||
| 245 |
_aHusserl _c/David Bell |
||
| 260 |
_aLondon _bRoutledge _c1990 |
||
| 300 |
_axv,266pcm. _c23cm. |
||
| 440 |
_aThe Arguements of the philosophers _927291 |
||
| 650 |
_aHusserl, Edmond _927292 |
||
| 942 |
_2lcc _cMONOGRAPH |
||
| 999 |
_c125673 _d125673 |
||